000 00663nam a2200181Ia 4500
008 100920s9999 xx 000 0 und d
082 _b106434
_a891.43 न 08
100 _aविभा रानी.
245 _aअगले जनम मोहे बिटीया न किजो.
260 _bकिताब घर,दिल्ली.
_c2008
300 _a86
_bसाधी
365 _b100
520 _aहिंदी.
630 _aअगले जनम मोहे बिटीया न किजो.
650 _aहिंदी.
730 _aअगले जनम मोहे बिटीया न किजो.
942 _cBOOK
999 _c746865
_d746862